000 00687nam a2200289Ia 4500
005 20260324130220.0
008 008 260324s9999 xx 000 0 eng d
020 _a9780203940709
037 _aEBOOK
040 _aCRL
040 _beng
040 _cCRL
041 _2eng
041 _aeng
084 _qCRL
100 _aRichard Falk
_91110753
245 4 _aThe Costs of War
245 0 _bInternational Law, the UN, and World Order After Iraq
260 _bTaylor and Francis
260 _c2008
365 _a
365 _b290
856 _uhttp://www.taylorfrancis.com/books/9780203940709
942 _cEBOOK
999 _c1776914
_d1776914